Loading...
Comparative syntax/
| Hovedforfatter: | |
|---|---|
| Format: | Printed Book |
| Udgivet: |
London:
Arnold,
1997.
|
| LEADER | 00420nam a22001337a 4500 | ||
|---|---|---|---|
| 020 | |a 0340592869 | ||
| 082 | |a 415 ROB/C | ||
| 100 | |a Roberts,Ian | ||
| 245 | |a Comparative syntax/ |c Ian Roberts | ||
| 260 | |a London: |b Arnold, |c 1997. | ||
| 300 | |a 306p. | ||
| 942 | |c BK | ||
| 999 | |c 258061 |d 258061 | ||
| 952 | |0 0 |1 0 |4 0 |6 415_000000000000000_ROB_C |7 0 |9 287298 |a RUS |b RUS |c ST1 |d 2012-07-03 |g 0.00 |i 4907 |l 0 |o 415 ROB/C |p RUS4907 |r 2014-02-14 |w 2014-02-14 |y BK | ||